000 01168nam a2200313Ia 4500
001 Z_719
003 CHAP
008 220113s2000 xx 000 0 und d
010 _a163812
040 _cCHAP
090 _aTesis V 1432
100 _aVázquez Valladolid, José Luis
_9120541
245 _aComportamiento productivo, de calidad y pigmentación del huevo de gallinas alimentadas con dietas suplementados con diferentes niveles de aceite de atún en sustitución a aceite de cartamo /
_cpor José Luis Vázquez Valladolid y Humberto Velázquez Aguilar
260 _aChapingo, Méx. :
_bEl autor,
_c2000
300 _a87 h. : cuadros : gráfs.
502 _aTesis (Ing. Agr. Esp. en Zootecnia) -- UACH. Departamento de Zootecnia
650 _aAves de corral
_xMetabolismo
_9137863
650 _aAves de corral
_xNutrición
_98672
650 _aAves de corral
_xSubproductos
_98684
650 _aGrasas y aceites en nutrición animal
_950455
650 _aHuevos
_xAnálisis
_956739
700 _aVelázquez Aguilar, Humberto
_9118500
901 _aTESIS V 1432
902 _aM
910 _a2000
942 _c2
942 _c2
999 _c163812
_d163812